[Event "GER-chT U10"]
[Site "Magdeburg"]
[Date "2014.12.27"]
[Round "1.3"]
[White "Warzecha, Fabian"]
[Black "David, Philip"]
[Result "1/2-1/2"]
[WhiteElo "1121"]
[BlackElo "906"]
[PlyCount "39"]
[EventDate "2014.12.27"]
[EventType "team-swiss"]
[EventRounds "7"]
[EventCountry "GER"]
[SourceTitle "EXT 2016"]
[Source "ChessBase"]
[SourceDate "2015.10.08"]
[SourceVersion "1"]
[SourceVersionDate "2015.10.08"]
[SourceQuality "1"]
[WhiteTeam "Lambsheim"]
[BlackTeam "Koenigsspringer"]
[WhiteTeamCountry "GER"]
[BlackTeamCountry "GER"]

1. d4 d5 2. Nc3 Nf6 3. Nf3 Bf5 4. Bg5 h6 5. Bxf6 exf6 6. e3 c6 7. Be2 Bd6 8. 0-0 0-0 9. Re1 Qc7 10. Bd3 Bg4 11. g3 Nd7 12. Bf1 Bb4 13. Bg2 Rac8 14. Qd2 Nb6 15. Qd3 Qd7 16. a3 Bf5 17. Qd2 Nc4 18. Qc1 Ba5 19. b4 Bc7 20. Bf1 1/2-1/2

[Event "GER-chT North U12"]
[Site "Magdeburg"]
[Date "2013.09.12"]
[Round "2.4"]
[White "Sauer, Jakob1111"]
[Black "David, Philip"]
[Result "1-0"]
[WhiteElo "1123"]
[BlackElo "788"]
[PlyCount "101"]
[EventDate "2013.09.12"]
[EventType "team-swiss"]
[EventRounds "7"]
[EventCountry "GER"]
[SourceTitle "EXT 2014"]
[Source "ChessBase"]
[SourceDate "2013.11.20"]
[SourceVersion "1"]
[SourceVersionDate "2013.11.20"]
[SourceQuality "1"]
[WhiteTeam "Berlin Schachunion"]
[BlackTeam "Hamburg Koenigsspringer"]
[WhiteTeamCountry "GER"]
[BlackTeamCountry "GER"]

1. e4 c5 2. Bc4 Nc6 3. Nf3 g6 4. 0-0 Bg7 5. d3 e6 6. Nc3 Nge7 7. Re1 d5 8. exd5 exd5 9. Nxd5 Be6 10. Nxe7 Nxe7 11. Bxe6 fxe6 12. Ng5 Bf6 13. Rxe6 Qd5 14. Rxf6 0-0-0 15. Qg4+ Kb8 16. Bf4+ Ka8 17. Re1 Rhe8 18. Qe6 a6 19. Qxd5 Nxd5 20. Rxe8 Rxe8 21. Re6 Rf8 22. Bd6 Rf5 23. Nxh7 Nb6 24. Re8+ Ka7 25. Bb8+ Ka8 26. Bc7+ Ka7 27. Bxb6+ Kxb6 28. Re6+ Kb5 29. Rxg6 Rd5 30. c4+ Kb4 31. Rb6+ Ka5 32. Rxa6+ bxa6 33. cxd5 Kb6 34. Kf1 Kc7 35. Nf6 Kd6 36. g4 Ke5 37. g5 Kf5 38. f4 Kxf4 39. d6 Kxg5 40. d7 Kxf6 41. d8Q+ Ke6 42. Qg5 Kf7 43. Qh6 Ke7 44. Ke2 Kf7 45. Ke3 Ke7 46. Ke4 Kf7 47. Ke5 c4 48. Qf6+ Kg8 49. Qe7 Kh8 50. Kf6 Kg8 51. Qg7# 1-0